000 01329cam a2200349 a 4500
001 2815
005 20240131113238.0
020 _a9780545138826 (hardcover : alk. paper) :
_c$17.99
020 _a0545138825 (hardcover : alk. paper) :
_c$17.99
020 _a9780545138833
040 _aDLC
_cDLC
_dBTCTA
_dIH7
_dMCT
_dDLC
_beng
050 0 0 _aPZ7.A54395
_bSu 2010
082 0 0 _a479
_222
100 1 _aAnderson, M. T.
245 1 4 _aThe suburb beyond the stars /
_cM.T. Anderson
250 _aFirst paperback printing, March 2011
260 _aNew York :
_bScholastic Press,
_c2010
300 _a223 pages ;
_c20 cm
505 _aN
520 _aFriends Brian and Gregory have survived the Game of Sunken Places, but are once again drawn back to cousin Prudence's house in Vermont, where they discover that something has gone very wrong with time, people have disappeared, and danger is lurking everywhere.
521 _a620
_bLexile
521 _aN
_bRaz-Plus
650 1 _aGames
_vFiction.
650 1 _aSupernatural
_vFiction.
650 1 _aSpace and time
_vFiction.
650 0 _aGames
_vJuvenile fiction.
650 0 _aParanormal fiction.
650 0 _aSpace and time
_vJuvenile fiction.
650 0 _aVermont
_vJuvenile fiction.
906 _a7
_bcbc
_corignew
_d1
_eecip
_f20
_gy-gencatlg
942 _2ddc
_cBK
_n0
999 _c2815
_d2815